000 00618nam a2200193Ia 4500
005 20260429112213.0
008 260429s9999||||xx |||||||||||||| ||und||
020 _a9789811284564
041 _aEnglish
082 _a610.285
_bQUI
100 _aQuinn, Campion
245 0 _aArtificial intelligence in medicine practical guide for clinicians /
_cCampion Quinn
260 _aSingapore :
_bWorld Scientific Publishing Co. Pte. Ltd.,
_c2024.
300 _aviii, 345 p.; pbk
650 _a Clinical decision support
650 _a Medical informatics
650 _aArtificial intelligence in medicine
942 _cTB
999 _c52879
_d52879